00803nam a2200241Ia 4500003000400000005001700004008004100021020001500062040001800077041000800095082002500103100003100128245004800159250000800207260004500215300002700260650002800287650003600315650003200351942003200383999001900415952012700434OSt20220614114849.0210716s1998 xx 000 0 und d a8173710805 cAIMIT LIBRARY aeng a658.3124 21stbHARA aHardingham, Alison.942195 aDesigning training /cBy Alison Hardingham. a1st aHyderabad :bUniversities Press ,c1998. avii, 128p. ;c22.5 cm. aTraining choices942196 aThe politics of training942197 aPlaying with process942198 2ddccBKe1stk658.3124 HARA c198886d198886 001040708MBAaAIMITbAIMITd2005-02-21g175.00l0o658.3124 HARApMBA01451r2026-05-23 00:00:00v140.00w2021-07-16yBK